[Event "North Sea Cup 15th"]
[Site "Esbjerg"]
[Date "2000.07.12"]
[Round "6"]
[White "Gurevich, Mikhail"]
[Black "De Firmian, Nick E"]
[Result "1-0"]
[WhiteElo "2667"]
[BlackElo "2567"]
[Annotator "Golod,V"]
[PlyCount "77"]
[EventDate "2000.07.07"]
[EventType "tourn"]
[EventRounds "9"]
[EventCountry "DEN"]
[EventCategory "14"]
[SourceTitle "CBM 078"]
[Source "ChessBase"]
[SourceDate "2000.10.18"]
[SourceVersion "1"]
[SourceVersionDate "2000.10.18"]
[SourceQuality "1"]

1. d4 {Gurevich,M} Nf6 2. c4 e6 3. Nc3 Bb4 4. Qc2 O-O 5. a3 Bxc3+ 6. Qxc3 Ne4
7. Qc2 f5 8. e3 $5 ({Other options are:} 8. g3 $5 {See comments to Bareev,
E-Piket,J/Sarajevo,1998/CBM66 (1/2-1/2)(Golod,V)(27)}) ({and:} 8. Nh3 $5) 8...
b6 {It's main line.} 9. Ne2 (9. Bd3 {Unassuming move which is not giving
special advantage. See comments to Hoang Than Trang-Volzhin,A/Budapest,2000/
CBM 76(1/2-1/2)(Golod,V)(37) Besides, white has two alternatives:}) (9. Nf3) ({
and} 9. Nh3) 9... Bb7 10. f3 Qh4+ $6 {In my opinion it's a dubious decision.
It can be recommended:} (10... Nf6 $5 {( and also 10...Nd6!?) you cand find in
annotations to game:Kruppa,Y-Nosenko,A/ Donetsk,1998/CBM 68(1-0)(Golod,V)(48)})
11. g3 Qe7 ({Dubious:} 11... Qh5 12. Bg2 Ng5 {because of:} 13. Nf4 Qh6 (13...
Nxf3+ $4 14. Kf2 {[%csl Rf3]} Qg4 15. h3 $18) 14. O-O $14) 12. Bg2 Nf6 ({
Now senselessly:} 12... Nd6 {because of:} 13. b4) 13. O-O $14 c5 14. b3 $5 $146
{White's plan is: Bb2, Rad1 and play in the centre. '!?' Gurevich,M.} ({
Was checked in the previous game:} 14. b4 $5 d6 (14... cxb4 $6 15. axb4 $140
Qxb4 $4 16. Ba3 $18 {[%csl Ga1,Ga3,Rb4,Rf8]}) 15. dxc5 dxc5 16. Bb2 Nc6 17. b5
Nd8 18. a4 a5 19. e4 fxe4 20. fxe4 Nf7 21. Nf4 {+/=/+/- Van Wely,L-Korchnoi,V/
Hengelo,2000 (0-1)(46)} (21. Nf4 {Gurevich,M} e5 22. Nd5 Nxd5 23. exd5 Rae8 24.
Rae1 $14 {0-1 Van Wely,L-Korchnoi,V/Hengelo NED 2000 (46)})) 14... d6 ({
Also in case:} 14... Nc6 15. Bb2 d6 16. Rad1 {white save a positional
advantage.}) (14... Rc8 $5 {Gurevich,M} 15. Bb2 cxd4 16. exd4 d5 17. Rfe1 $5
$36) 15. Bb2 {[%mdl 32]} Nbd7 16. Rad1 Rad8 17. Nc3 $5 {With the idea 18.dxc5
and 19.Nb5(><a7;d6). Gurevich,M: '[/\ 18.Nb5; 18.dxc5 dxc5 19.Nb5]'} a6 {
[%csl Ya6][%cal Ya6b5]} 18. Rfe1 {Gurevich,M: '[/\19.d5]'} h6 $6 ({From my
point of view much better is:} 18... Qf7 {( control over point d5).}) (18...
Qf7 {Gurevich,M} 19. dxc5 dxc5 20. Rd6 $14) 19. d5 $1 {[%csl Gc2,Rf5] Now
Mikhail Gurevich has a big positional advantage.} exd5 ({Hardly,advisable move:
} 19... Rfe8 {because of:} 20. f4) (19... Ne5 {Gurevich,M} 20. f4 Ng6 21. e4
$16) 20. cxd5 b5 $2 {Pretty dubious sacrifice of pawn. '!?' Gurevich,M.
Gurevich,M: '[/\21...b4; xd5]'} ({Probably better is:} 20... Ne8 21. f4 $36 {
[%cal Ge3e4]} (21. e4 $143 f4 22. Ne2 $14)) ({Weakly:} 20... g6 {in view of:}
21. e4 {[%csl Gb2] גa1-h8}) (20... Rde8 {Gurevich,M} 21. Qxf5 Nxd5 22. Nxd5
Rxf5 23. Nxe7+ Rxe7 24. e4 $18) 21. Qxf5 b4 22. Qe6+ $1 Rf7 ({Also leads to
very bad position:} 22... Qxe6 23. dxe6 bxc3 24. Bxc3 {[%csl Rd8,Rf8][%cal
Ge6d7,Ge6e7]} Nd5 $8 ({after:} 24... Rfe8 25. exd7 Rxd7 26. e4 $18 {white has
a pawn up.}) 25. Ba5 (25. Rxd5 $6 Bxd5 26. e7 Bxb3 27. Bh3 $14) 25... N7f6 $8 (
25... N5b6 $2 26. exd7 $18) (25... N7b6 {Gurevich,M} 26. Bxb6 Nxb6 27. e7 $18)
26. e4 Ne7 27. e5 {'!' Gurevich,M.} Nfd5 28. f4 {'+-' Gurevich,M.} dxe5 29.
Bxd8 Rxd8 30. Rxe5 {+/-/+-}) 23. Qxe7 Rxe7 24. axb4 cxb4 25. Na2 $16 {[%csl
Rb4]} a5 ({Quite badly for black:} 25... Nxd5 {because of:} 26. e4 Rde8 27. Kf2
{[%csl Ga2,Rb4,Yd5][%cal Ge4d5,Yf2e1,Ga2b4] '+/-' Gurevich,M.}) 26. e4 {
'+/-' Gurevich,M.} Nc5 27. Nc1 Rde8 28. Bf1 $1 {[%csl Yf1] /^a6-f1 Gurevich,M:
'[/\29.Bc4, 30.Nd3]'} Ba6 ({Impossibly:} 28... Nxd5 $4 29. Bc4 $18) ({and} 
28... Bxd5 $4 29. Bxf6 gxf6 30. Rxd5) (28... Nfd7 29. Bb5 {+/-/+-}) 29. Bxa6
Nxa6 30. Nd3 $1 $18 {[%cal Gd1c1]} Nxd5 {Desperate attempt of black to save
the hopeless position. '!?' Gurevich,M.} 31. exd5 Rxe1+ 32. Rxe1 Rxe1+ 33. Nxe1
Nc5 34. Bd4 $1 Nxb3 $140 35. Bb6 {[%csl Ra5,Yb3,Gb6][%cal Gb6a5] '+-!'
Gurevich,M. Gurevich,M: '[/\ 36.Nd3, Kg1-c2]'} a4 ({After:} 35... Nc5 {white
would find:} 36. Nc2 $1 (36. Bxa5 $2 b3 37. Bc3 $8 Na4 38. Bd4 b2 39. Bxb2 Nxb2
40. Nc2 Kf7 {+/=/+/- N_|_}) (36. Bxc5 $6 dxc5 $16 {[%csl Ga5,Gb4,Gc5,Yg8]})
36... b3 (36... Nb7 37. Kf2 {[%cal Gd3c4,Gf2e3,Ge3d3]}) 37. Na3 Nb7 (37... a4
38. Bxc5 dxc5 39. Kf2 $18) 38. Kf2 $18) 36. Nd3 Nd2 (36... a3 $144 37. Nxb4 Nc1
38. Nc2 a2 39. Ba5 $18) 37. Nxb4 Nxf3+ 38. Kg2 Ne5 39. Bd4 {Black resigns in
the absolutely losing position.} 1-0

[Event "Capablanca Memorial Elite 39th"]
[Site "Havana"]
[Date "2004.05.16"]
[Round "9"]
[White "Morovic Fernandez, Ivan"]
[Black "Quesada Perez, Yuniesky"]
[Result "1-0"]
[WhiteElo "2583"]
[BlackElo "2478"]
[Annotator "Golod,V"]
[PlyCount "85"]
[EventDate "2004.05.06"]
[EventType "tourn"]
[EventRounds "11"]
[EventCountry "CUB"]
[EventCategory "13"]
[SourceTitle "CBM 101"]
[Source "ChessBase"]
[SourceDate "2004.07.27"]
[SourceVersion "1"]
[SourceVersionDate "2004.07.27"]
[SourceQuality "1"]

1. d4 Nf6 2. c4 e6 3. Nc3 Bb4 4. Qc2 O-O 5. e4 d5 6. e5 Ne4 7. a3 {This move
became very popular in the last years.} Bxc3+ 8. bxc3 c5 9. Bd3 cxd4 ({The
main line is:} 9... Qa5 $5 {You can see my comments to Hillarp Persson,T-De
Firmian,N/Malmo/Copenhagen,2004/CBM 101(1/2-1/2)(43)}) 10. cxd4 Qa5+ 11. Kf1
Nc6 ({It deserves more attention:} 11... Bd7 $5 {/\Ba4} 12. Ne2 (12. f3 $5 Ba4
$1 (12... f5 $143 13. Ne2 Nc6 14. Qb2 $16) 13. Qb2 Qc3 $13) 12... Ba4 13. Qb2
Nc6 14. cxd5 exd5 15. Be3 $13 {Karpov,A-Polgar,J/Hoogeveen,2003(1/2-1/2)(67)})
12. Ne2 (12. Bxe4 dxe4 13. Bb2 Qa6 14. Ne2 Na5 15. Rc1 $11 (15. c5 $2 b6 16.
Qxe4 Bb7 17. Qg4 bxc5 $17 {Zimmerman,Yuri-Belichev,Nikolai/Budapest,1999(0-1)
(27)})) 12... f6 ({From my point of view,very risky is:} 12... Nb4 $6 {For
further details you can see my comments to Ivanchuk,V-Navara,D/Antalya,2004/
CBM 101(1/2-1/2)(59)}) (12... Bd7 $2 13. Rb1 Nd8 (13... f6 $2 14. cxd5 exd5 15.
Rb5 Qd8 16. Rxd5 $18 {El Gindy,E-Pavlovic,M/Linares,2003(1-0)(27)}) 14. f3 f5
15. cxd5 exd5 16. Qb2 $14) 13. Bxe4 dxe4 14. exf6 Rxf6 $44 ({Intersting is to
re-organize pieces by transfering the queen to the king side:} 14... Qf5 $5 15.
Be3 Qxf6 $13 {Although e4 pawn will be lost,Black has a strong pieces play in
the center after b6, Bb7. From the other side,white's pieces are still
undeveloped.} {For example,on trivial:} 16. Qxe4 {will come a break:} e5 $1 {
[%cal Gc8f5]} 17. dxe5 Nxe5 18. Bd4 Nxc4 $1 19. Bxf6 Nd2+ 20. Ke1 Nxe4 $11) 15.
Be3 Bd7 $6 $146 {From my point of view,this is not the right place for the
bishop.} ({Also once were checked in the preceding game:} 15... Qa6 16. Ng3 (
16. Kg1 $5) 16... e5 $5 17. Nxe4 Rf8 18. d5 Bf5 19. Nc5 Qa5 20. Qd1 (20. Qa4
$142 $1 Bd3+ 21. Kg1 Qxa4 (21... Qc3 $2 22. Qd1 $18 {[%csl Rc6,Rd3]}) 22. Nxa4
Na5 23. c5 {[%csl Gc5,Gd5][%cal Yh2h3,Yg1h2] +/=/+/-}) 20... Nd4 $14 {Gupta,
A-Mahesh Chandran,P/Negombo,2003(0-1)(42)}) (15... b6 $5 {/\Ba6}) 16. Kg1 (16.
Ng3 $5 Rff8 17. Nxe4 {/\f3,Kf2 +/=}) 16... Ne7 17. Qxe4 Nf5 18. Qxb7 ({Too
slowly is:} 18. h3 $6 Qa6 19. Bg5 Nd6 20. Qh4 (20. Qc2 $143 Rf5 21. c5 Rxg5 22.
cxd6 Qxd6 $15) 20... Rf7 21. Kh2 Nxc4 22. Rhe1 {with almost an equal position})
(18. Bg5 Bc6 $5 (18... Rf7 19. Qxb7 Raf8 {- transfers to the game.}) 19. Qe5
Qxe5 20. dxe5 Rf7 $14 {Although white has an extra pawn,it will be difficult
to convert it to win.}) 18... Raf8 19. Bg5 $1 ({Leads to unclear consequences:
} 19. Bf4 $6 Nxd4 20. Nxd4 Bc8 $1 21. Qb5 ({even worse:} 21. Nc6 Qc3 22. Be5
Bxb7 23. Bxc3 Rxf2 $1 $15 {[%csl Rc6,Gf2,Rg2]}) 21... Qc3 22. Rc1 Qxd4 23. Be3
Qe4 $44 {/\Bb7 /^a8-h1}) 19... R6f7 ({Doesn't lead to something serious:} 19...
Nxd4 $6 20. Bxf6 Nxe2+ 21. Kf1 Rxf6 22. Qxd7 Qb6 23. f3 $16) (19... Rg6 $2 20.
Qxd7 Rxg5 21. Qxe6+ Kh8 22. Qe4 {/\h4 +-}) 20. Qb4 $1 Qa6 21. f3 $5 (21. Rc1 $5
Rc8 $140 22. h4 $1 (22. Kf1 $6 Ba4 {/\Rb7|^}) (22. f3 {-see next annotation}) (
22. Bd2 $6 {/\Qa5} Nd6 23. Qa5 Qxa5 24. Bxa5 Nxc4 25. Bb4 e5 $5 26. dxe5 (26.
d5 a5 $13) 26... Nxe5 27. Rxc8+ Bxc8 28. f3 Nd3 $11) 22... Nd6 23. Rh3 $16)
21... h6 $6 ({Better was to attack immediately the pawns with:} 21... Rc8 $5
22. Rc1 Nd6 23. h3 ({of course not:} 23. c5 $4 Qxe2 24. cxd6 Rxc1+ 25. Bxc1
Qd1+ 26. Kf2 Qxh1 $19) ({also badly:} 23. Kf2 Ne4+ 24. Ke3 Nxg5 25. h4 Nxf3 26.
gxf3 Bc6 $40) 23... Nxc4 24. Kh2 Nxa3 25. Rxc8+ Bxc8 26. Rc1 Bb7 27. Be7 Nb5
$14 {+/=/= White has only a little advantage because of a better pawn
structure.}) 22. Bd2 Bc6 $5 {[%csl Ya6,Rf3][%cal Ya6a4,Gf7b7,Gc6f3]} (22... Nd6
$143 23. Rc1 Nxc4 24. Qxc4 Bb5 25. Qb3 Bxe2 26. Kf2 $16 {[%cal Gh1e1,Gd2b4]})
23. h4 {[%cal Gh1h3]} Rb7 24. Qc3 Rfb8 (24... Rc8 $1 {less active,but much
more valuable move!} 25. Kf2 Bd5 26. c5 Rb3 27. Qc1 Bc4 (27... Qd3 28. Bc3) 28.
Qc2 Qa4 {[%csl Ga4,Rc2,Rf2][%cal Gb3f3]} 29. Qe4 Rb2 $44) 25. Bf4 Rb3 26. Qe1
$1 {/\Nc1} Rf8 ({Obviously better was:} 26... Rd8 $5 27. Rc1 $5 (27. Nc1 $140
Rb7 28. Qxe6+ Rf7 29. Nb3 Re8 (29... Rxd4 $6 {[%csl Rc4][%cal Ga6c4] another
pretty move that brings nothing....} 30. Bc7 $1 Qxc4 31. Qxc4 Rxc4 $14) 30. Qg6
Ne7 31. Qd6) 27... Qxa3 28. Ra1 {This position is very sharp and unclear,White
should be very careful here.} Qb2 (28... Qe7 29. Be5 Ne3 30. Rc1 {[%cal Gc1c3]}
Nxg2 31. Kxg2 Bxf3+ 32. Kf2 Bxh1 33. Qxh1 Rf8+ 34. Kg1) 29. Qa5 Rd7 {The
simplest reply- is the best reply here.} (29... Rxd4 $143 30. Ra2 Rd1+ 31. Kf2
Qb1 32. Rxd1 Qxd1 33. Qe5 $14) 30. Ra2 Qb1+ 31. Kh2 Qd3 $13) 27. Nc1 Rxf3 $8 ({
This time,on:} 27... Rb7 {will come simply:} 28. Qc3 $16) 28. Qxe6+ Kh7 $2 ({
It was necessary:} 28... Rf7 $1 29. gxf3 ({This time not works} 29. Ne2 $2 Rxf4
$1 30. Nxf4 Nxd4 31. Qe3 Rxf4 $1 $19 {[%csl Yd4,Rf4,Rg1][%cal Yf4d4,Yd4e2]})
29... Nxd4 30. Qd6 Nxf3+ 31. Kf2 (31. Kg2 $2 Qxc4 $19) 31... Rf6 (31... Qxc4
32. Ne2) 32. Qd8+ Rf8 (32... Kh7 $4 33. Qd3+ Kg8 34. Kg3 $18) 33. Qd6 Rf6 $11 {
and the game has to be drawn by repeat of moves.}) 29. Ne2 $2 {White got
afraid from nothing!He could accept the sacrifice and finish it right now:} (
29. gxf3 $1 Qb6 (29... Nxd4 30. Qd6 Nxf3+ 31. Kf2 Rf6 32. Qd3+ Kg8 33. Ne2 Ne5
34. Qd4 Ng4+ 35. Kg3 Bxh1 36. Rxh1 $18) 30. c5 Qb2 31. Qxc6 Qxd4+ 32. Kg2 Qxa1
33. Qe4 $16) 29... Rf6 $2 {Black misses his greatest chance in this game.} ({
After} 29... Rd3 $1 {Black stands at least with an advantage.It is very
difficult to defend such a position for White.For example:} 30. h5 ({even
worse is:} 30. Qe5 Qxc4 31. Rc1 Qa4 32. Qc5 {[%csl Rc6,Rf8]} ({Doesn't help:} 
32. Rc3 Rd1+ 33. Kh2 Rxh1+ 34. Kxh1 Nxh4 35. Rg3 Ng6 {/\Qd1+} 36. Qc7 Rf5 $1 {
/\Rh5+ -/+}) 32... Nxd4 $1 33. Qxf8 Nxe2+ 34. Kh2 Qe4 $1 35. Rxc6 Nxf4 $1 36.
Rc2 (36. Rg1 Rh3+ $1 37. gxh3 Qe2+ 38. Kh1 (38. Kg3 Nh5#) 38... Qf3+ 39. Kh2
Qxh3#) 36... Rh3+ $1 37. gxh3 Qxc2+ 38. Kg3 Qg2+ 39. Kxf4 Qf2+ 40. Ke4 Qxf8 $19
) 30... Rf6 31. Qe5 Qxc4 $40 {[%csl Yc6,Rd4,Rg2][%cal Gf5d4] Although White
still has an extra-pawn,black's attack it is just matter of time.}) 30. Qe5 $1
$16 Rxa3 (30... Rd3 31. d5 Bd7 32. Qe4 $16) 31. Rxa3 Qxa3 32. d5 Bd7 33. Qe4 $1
{[%csl Ge4,Rh7][%cal Gf4e5]} Rg6 $6 (33... Rf8 34. Rh3 (34. g4 $2 Re8 35. Be5
Qc5+ 36. Nd4 Rxe5 37. Qxe5 Nxd4 $19) 34... Qb4 35. Be5 Kg8 36. Nf4 $16) (33...
Kg8 34. Rh3 Qb4 35. Rc3 Rf8 36. Be5 $16) 34. h5 $1 Rg4 35. Kf2 {[%csl Rb7,Ge4,
Rg4,Rh7][%cal Gh1b1,Gb1b7,Ge4h7,Gc4c5] Now Black's rook is out of a game and
black's king remained in a dangerous area without any help from his pieces.}
Kh8 $6 ({A little bit better was:} 35... Qc5+ 36. Kf3 Kg8 {/\Nh4+} ({Badly:} 
36... Qa3+ $2 37. Kxg4 Kg8 38. Bc1 $1 Nd6+ (38... Qd6 39. Kf3 $18) 39. Kf4 $18)
37. g3 {/\Kg2} Qa3+ 38. Kg2 Nxg3 $1 39. Nxg3 Qxg3+ 40. Bxg3 Rxe4 41. Rc1 Rd4
42. Kf2 {/\Ke3+/-}) 36. Rb1 $18 {[%csl Gb1,Rf5][%cal Gb1b8,Gb8f8]} Qc5+ (36...
Qf8 $144 37. g3 a6 38. Qf3 $1 {[%csl Rf8,Rg4,Rh8][%cal Gb1b8] with the threat
Rb8 +-}) 37. Ke1 Rh4 (37... Qa5+ 38. Kf1 $18) 38. g3 Qa5+ 39. Kf2 Qc5+ 40. Kg2
Rg4 (40... Rxh5 41. Rb8+ Kh7 42. g4 $18) 41. Rb8+ Kh7 42. Rb7 $1 Bc8 $140 43.
Rf7 {[%csl Rf5,Rg4,Rh7][%cal Gf7f5]} 1-0

[Event "North Sea Cup 15th"]
[Site "Esbjerg"]
[Date "2000.07.14"]
[Round "8"]
[White "Gurevich, Mikhail"]
[Black "Emms, John M"]
[Result "1-0"]
[WhiteElo "2667"]
[BlackElo "2527"]
[Annotator "Golod,V"]
[PlyCount "85"]
[EventDate "2000.07.07"]
[EventType "tourn"]
[EventRounds "9"]
[EventCountry "DEN"]
[EventCategory "14"]
[SourceTitle "CBM 078"]
[Source "ChessBase"]
[SourceDate "2000.10.18"]
[SourceVersion "1"]
[SourceVersionDate "2000.10.18"]
[SourceQuality "1"]

1. d4 {Gurevich,M} Nf6 2. c4 e6 3. Nc3 Bb4 4. Qc2 O-O 5. a3 Bxc3+ 6. Qxc3 b6 7.
Bg5 d6 $5 (7... Bb7 {It's main line,other lines are:}) (7... c5) ({and} 7...
Ba6) 8. f3 ({Another alternative is:} 8. e3 {You can see comments to Ivanov,
S-Yudasin,L/St.Petersburg,1996/ CBM56(1/2-1/2)(Shipov,S)(63)}) 8... Nbd7 ({
Another options is:} 8... c5) 9. Nh3 $5 {[%mdl 4] This move repeatedly was
checked in the previous games.} (9. e4 {Gurevich,M} c5 10. dxc5 bxc5 11. Nh3 h6
12. Bxf6 Nxf6 13. O-O-O e5 14. g4 Rb8 15. Nf2 Rb6 16. Rd2 Qe7 17. Nd1 Be6 18.
Bd3 Rfb8 $15 {0-1 Ljubojevic,L-Kramnik,V/Monaco MNC 2000/The Week in Chess (26)
}) 9... c5 ({Other possibilities are:} 9... h6 $5 10. Bh4 c5 11. dxc5 (11. e3
Ba6 12. b4 d5 13. dxc5 bxc5 14. b5 Bb7 15. Bd3 $11 {Gomez,M-Vehi Bach,V/
Barbera,1993(0-1) (32)}) 11... dxc5 12. Bg3 Qe7 13. e4 e5 14. O-O-O Re8 15. Bd3
Nb8 $11 {[%cal Gb8c6,Gc6d4] Csala,I-Cserna,L/Balatonbereny,1985(1/2-1/2) (46)})
({and} 9... Ba6 $5 10. b4 h6 11. Bh4 d5 12. e3 $6 (12. b5 $5) 12... Ne4 13.
Bxd8 Nxc3 14. Be7 Rfe8 15. b5 Rxe7 16. bxa6 dxc4 17. Bxc4 c5 {=/=/+ Ivanov,
S-Kveinys,A/Krynica,1997(0-1) (45)}) 10. e4 ({In my opinion slightly dubious:} 
10. dxc5 bxc5 11. e3 Qb6 12. Rb1 a5 13. Bd3 d5 14. O-O a4 $11 {Sakaev,
K-Dizdarevic,E/Moscow,1994(0-1) (72)}) ({and} 10. Nf2 Ba6 $6 (10... h6 $5) 11.
dxc5 Nxc5 12. Ng4 $14 {Botsari Miladinovic,A-Kulish,I/Moscow, 1994(1-0)(62)})
10... h6 {Also white save a positional advantage after:} (10... Ba6 11. dxc5
bxc5 12. Rd1 $14) ({or} 10... Bb7 11. Rd1 $14) 11. Be3 Ba6 $146 {/\Rc8<->c;
קc4. '!?' Gurevich,M.} (11... Qc7 12. d5 exd5 13. cxd5 Rb8 14. Be2 Re8 15. Nf2
$14 {Lazarev,V-Vehi Bach,V/Biel,1997(1-0)(29)} (15. Nf2 {Gurevich,M} b5 16. O-O
a5 17. b4 Nb6 18. Qd2 axb4 19. axb4 cxb4 20. Bxb5 $14 {1-0 Lazarev,V-Vehi Bach,
V/Biel 1997/CBM 60 ext (29)})) 12. dxc5 $1 {[%mdl 32] It's right answer on 11..
.Ba6.} Nxc5 {'?!' Gurevich,M.} ({After:} 12... bxc5 $6 {white has a strong
pressure in pawn"d6":} 13. Rd1 Qb6 (13... Qc7 $5 14. Qd2 {[%csl Ra6,Rd6][%cal
Gd2d6,Gd6a6]} Ne8 $14) 14. b4 $14 cxb4 $140 15. axb4 Qc7 16. Qd4 $1 $36 {
[%csl Rd6]}) ({Weakly:} 12... dxc5 {in view of:} 13. e5 Ne8 14. Rd1 $36) (12...
bxc5 $13 {Gurevich,M (/\ 13...d5)}) 13. Rd1 $14 {[%csl Rd6][%cal Gb2b4] Quite
logically!} Qe7 $5 {After this move,Mikhail Gurevich has a forcing variation
to win of the pawn.} ({Dubious:} 13... Rc8 {because of:} 14. e5 Ne8 $140 15. b4
{()}) ({Can be recommended:} 13... Ne8 $5 $14) 14. b4 $1 Ncd7 $140 ({
Senselessly:} 14... Ncxe4 $2 15. fxe4 Nxe4 16. Qc2 $18) 15. c5 {[%csl Ra6,Re7]
[%cal Gc5d6] '!' Gurevich,M.} Bxf1 $8 16. cxd6 Qd8 17. Rxf1 {'+/-' Gurevich,M.}
Rc8 18. Qb2 Rc4 $1 {Black's plan is:Qb8,Rfc8<->c and probably:e5,Ne8(קd6).}
19. Rf2 {[%csl Yf2]} Qb8 {'!?' Gurevich,M. Gurevich,M: '[/\20...Rfc8 <=>]'} 20.
Rc2 $1 (20. Rfd2 $6 Rfc8 {<->c}) 20... Rxc2 21. Qxc2 {After rooks was
exchanged white always will have advantage in middlegame,because of black
didn't have full play in <->c.} Rc8 22. Qb2 e5 $5 {[%csl Gb8,Rd6][%cal Gc8c6,
Gc6d6,Gb8d6,Gf6e8,Ge8d6]} 23. Nf2 {'!?' Gurevich,M.} (23. b5 $143 Ne8 (23...
Qa8 24. Nf2 a6 25. Nd3 $16) 24. Qd2 Qa8 $132 {[%cal Ga7a6]} (24... a6 {
Gurevich,M} 25. bxa6 (25. a4 axb5 26. axb5 Qa8 $132) 25... Qa8 $132 {(/\ 26...
Qxa6; 26...Rc6)})) 23... Rc6 $140 24. b5 $1 {Very strong positional decision.}
Rxd6 25. Nd3 {[%csl Ra7,Rb6] White's plan is:Qc2,a4 and Nb4-c6(קa7)} Qe8 ({
It deserves attention:} 25... Qd8 $5 {<->d}) 26. Qc2 Qe6 $6 {Quite passive
move.} ({From my point of view much better is:} 26... Nf8 $5 {[%csl Rb5]} 27.
a4 (27. Qc7 $140 Rd7 {and impossibly:} 28. Qxe5 $4 {because of:} Rxd3 $1 29.
Qxe8 Rxd1+ 30. Kxd1 Nxe8 $19) 27... Ng6 28. Nb4 $14) 27. a4 {'?!' Gurevich,M.}
(27. Rc1 $16 {Gurevich,M (/\Nd3-b4-c6)}) 27... Kh7 28. Rc1 $5 {[%cal Gd3b4,
Gb4c6] This move better than:} (28. Qc7 Nf8 29. Qxa7 (29. Nxe5 Rxd1+ 30. Kxd1
Qb3+ $132) 29... Qc4 $132) ({or right away:} 28. Nb4 Rxd1+ 29. Kxd1 Qd6+ 30.
Qd2 Qc7 $14) 28... Ng8 $6 {'!' Gurevich,M. Gurevich,M: '[/\29...Ne7, 29...f5
<=>]'} ({Again better is:} 28... Nf8 {/\Ng6}) 29. Nb4 Ne7 30. Qc4 $1 {[%csl
Ra7,Rb6]} Qg6 {[%csl Rg2][%cal Gf7f5] '!' Gurevich,M.} (30... Qxc4 $2 {
Gurevich,M} 31. Rxc4 $18 {(/\ 32.Rc7)}) 31. Kf1 $5 {[%csl Yf1]} ({Probably
better is:} 31. Qc7 $5 {[%csl Ra7,Gc7,Rd6]}) 31... f5 32. Qc2 ({It deserves
attention:} 32. Nc6 {[%csl Ra7,Re7]}) (32. Nc6 {Gurevich,M} Nxc6 33. bxc6 Nc5
$13) 32... Nc5 $2 {Decisive mistake.It is necessary:} (32... fxe4 33. Qxe4 Qxe4
{'~~' Gurevich,M.} (33... Nf5 $13 {Gurevich,M}) 34. fxe4 Nf6 35. Rc7 {+/=/+/
-_|_}) 33. Bxc5 $1 bxc5 $140 34. Nd3 $16 {[%csl Rc5,Re5][%cal Gd3e5]} fxe4 $6 {
'(+)?' Gurevich,M.} ({Other alternatives are:} 34... Qh5 $6 35. exf5 (35. h3 $5
Qg5 36. Re1 $16) 35... Qxh2 36. Nf2 $16) (34... Qg5 $5 35. Re1 $16 (35. Re1 {
Gurevich,M} fxe4 36. Rxe4 Nf5 $132)) 35. Nxe5 Qf5 36. Qxe4 Qxe4 37. fxe4 $18 {
[%csl Ra7,Rc5] _|_} Rd4 38. Rc4 {The rest is the matter of technics. '+-'
Gurevich,M.} Rd1+ (38... Rxc4 39. Nxc4 Kg6 40. a5 $18) 39. Ke2 Ra1 40. Nd7 Nc8
41. Nxc5 Nb6 42. Rd4 Kg6 43. e5 {[%csl Ge5][%cal Ge5e6]} 1-0